000 00519nam a22001817a 4500
003 UA-OsUOA
001 14610
007 ta
008 20031012b un ||||| |||| 00| 0 ukr d
100 _aПащук І.
942 _cSA
040 _aUA-OsUOA
_cUA-OsUOA
_dUA-OsUOA
245 _aРівне- 720: хроніка подій і розвитку: [1896- 1904 рр.]
300 _aС.3
955 _a0
773 0 _w0
_tВісті Рівненщини
_dРівне
_d2003
_g№81/1 жовт./
650 7 _aІсторія
_2UDC
999 _c300774
_d300774